000
00331nam a2200133Ia 4500
008
100328s9999 xx 000 0 und d
082
_b
72948
100
_a
Weiss Brian
245
_a
Messages From The Masters
260
_b
Piatkus
630
_a
Messages From The Masters
730
_a
Messages From The Masters
942
_c
BOOK
999
_c
558669
_d
558666